La ecología en las civilizaciones antiguas
-д хадгалсан:
| Үндсэн зохиолч: | |
|---|---|
| Формат: | Ном |
| Хэл сонгох: | испани |
| Хэвлэсэн: |
Ciudad de México
Fondo de Cultura Económica
1981
|
| Цуврал: | Brevarios del Fondo de Cultura Económica, 316
|
| Нөхцлүүд: | |
| Шошгууд: |
Шошго нэмэх
Шошго байхгүй, Энэхүү баримтыг шошголох эхний хүн болох!
|
MARC
| LEADER | 00000nam a2200000 a 4500 | ||
|---|---|---|---|
| 001 | UCP8707 | ||
| 003 | CL-VaPUC | ||
| 008 | 000310e19810000MX |||||||||||||||||spa|d | ||
| 082 | 0 | 4 | |a 930 |b DON |2 21 |
| 100 | 0 | |a Donald Hughes, J |e author |9 438857 | |
| 245 | 1 | 3 | |a La ecología en las civilizaciones antiguas |
| 300 | |a 271 p | ||
| 942 | |c BK | ||
| 945 | |d 20000310 00:00:00 |a rherrera | ||
| 260 | |a Ciudad de México |b Fondo de Cultura Económica |c 1981 | ||
| 650 | 0 | |a Historia antigua |9 267521 | |
| 650 | 0 | |a Civilizaciones antiguas |9 265998 | |
| 650 | 0 | |a Ecología |9 258124 | |
| 650 | 0 | |a Civilización griega |9 265578 | |
| 650 | 0 | |a Cristianismo |9 257361 | |
| 583 | |a last modification |c 20000310 00:00:00 |k Rodrigo Vera | ||
| 490 | 0 | |a Brevarios del Fondo de Cultura Económica, 316 | |
| 999 | |c 285598 |d 285596 | ||
| 952 | |0 0 |1 0 |4 0 |6 930_000000000000000_DON_1981 |7 0 |8 A |9 330322 |a BIBHIS |b BIBHIS |d 2019-11-20 |i 1393502 |o 930 DON 1981 |p 1393502 |r 2025-01-20 |w 2019-11-20 |y BK |k HIS | ||